000
00304nam a22001457a 4500
008
210305b ||||| |||| 00| 0 eng d
020
_a
9781543913187
041
_a
eng
080
_a
521
082
_2
521
100
_a
42
101
_a
AST
245
_a
Capture the Moon
_c
Peters,K
942
_2
udc
_c
BK
999
_c
55789
_d
55789